[Event "EU-chT (Men) 14th"]
[Site "Plovdiv"]
[Date "2003.10.17"]
[Round "6.3"]
[White "Jenni, Florian"]
[Black "Babula, Vlastimil"]
[Result "0-1"]
[WhiteElo "2522"]
[BlackElo "2567"]
[Annotator "Ftacnik,L"]
[PlyCount "82"]
[EventDate "2003.10.10"]
[EventType "team-swiss"]
[EventRounds "9"]
[EventCountry "BUL"]
[SourceTitle "CBM 098"]
[Source "ChessBase"]
[SourceDate "2004.02.03"]
[SourceVersion "1"]
[SourceVersionDate "2004.02.03"]
[SourceQuality "1"]
[WhiteTeam "Switzerland"]
[BlackTeam "Czech Republic"]
[WhiteTeamCountry "SUI"]
[BlackTeamCountry "CSR"]

1. e4 c5 2. Nf3 d6 3. d4 cxd4 4. Nxd4 Nf6 5. Nc3 a6 6. Be3 Nc6 7. Qd2 e6 8. f3
Be7 9. g4 O-O 10. O-O-O Nxd4 11. Bxd4 b5 12. h4 Nd7 13. g5 Qa5 14. Kb1 b4 15.
Ne2 e5 16. Be3 Nc5 17. c4 {This new move is slowing black's attack, but it
costs a precious tempo and weakens white's queenside.} (17. Nc1 Be6 18. h5 (18.
Bh3 Rab8 (18... Qb5 19. Bxc5 Qxc5 20. Nd3 Qc8 21. Bxe6 fxe6 22. Nxb4 Rxf3 23.
Qe2 {1-0 Boudre,J-Bernard,C/Cannes 1997/ (50)}) (18... Rad8 19. g6 Bxh3 20.
gxh7+ Kh8 21. Rxh3 f5 22. Bg5 Qc7 23. Qxb4 fxe4 24. fxe4 Rb8 25. Qc4 {1-0 Xie
Jun-Galliamova,A/Kazan/Shenyang 1999/ (80)}) 19. g6 Na4 20. Nb3 Qc7 21. h5 Bc4
22. Bf5 a5 23. h6 fxg6 24. hxg7 Kxg7 25. Qh2 Rh8 26. Rdg1 Rbg8 {0-1 Morris,
P-Timoscenko,G/London 1992/ (48)}) 18... Na4 (18... Rad8 19. g6 d5 20. h6 fxg6
21. hxg7 Rxf3 22. Bxc5 Qxc5 23. Qh6 Kf7 24. Qxh7 Rg8 25. Nd3 Qc7 26. exd5 {
1-0 Cherevatenko,R-Nedobora,M/Moscow 1994/ (42)}) (18... Rfd8 19. g6 d5 20. h6
fxg6 21. hxg7 dxe4 22. Qh2 h5 23. Rxd8+ Rxd8 24. Qxe5 Rd5 25. Qg3 g5 {0-1
Svatos,J-Babula,V/Pardubice 1994/ (29)}) (18... Rab8 19. g6 fxg6 (19... Na4 20.
Nb3 Nc3+ 21. bxc3 bxc3 22. Qd3 Rfc8 23. Qxa6 Qc7 24. Rd5 Bxd5 25. exd5 Ra8 26.
gxf7+ Kh8 27. Qb6 {1-0 Tiviakov,S-Schaefer,M/Saint Vincent 2000/ (35)}) 20.
hxg6 hxg6 21. Qg2 Rf6 22. Nb3 Qc7 23. Bg5 a5 24. Bxf6 Bxf6 25. Qxg6 a4 {
0-1 Sandor,C-Stanec,N/Germany 1997/ (31)}) 19. Nb3 Qc7 20. Qxb4 Nc5 21. Qa5 Qc6
22. Nxc5 dxc5 23. c4 Rab8 {0-1 Sadriev,T-Emeljanov,A/Roslavl 1989/ (65)}) 17...
Be6 18. Nc1 (18. b3 Qc7 19. Qxb4 a5 20. Qc3 Rab8 21. Ka1 Rb7 22. Bh3 Rfb8 $44)
18... Qa4 19. b3 Qc6 20. Bh3 (20. Qxb4 $6 Nxe4 $1 $15) 20... a5 21. Bxc5 (21.
Nd3 Nxd3 22. Qxd3 a4 23. h5 axb3 24. axb3 Ra5 $17) 21... Qxc5 (21... dxc5 $6
22. Bxe6 Qxe6 23. Qd7 $14) 22. Nd3 Qc8 {Babula is playing well and has a
chance to get his ball rolling first.} 23. Bxe6 (23. Qg2 a4 24. Bxe6 fxe6 25.
Qg4 axb3 26. axb3 Kh8 27. Rh2 d5 $1 28. exd5 Qa6 29. Rb2 (29. Kc2 exd5 30. Rb1
dxc4 $19) 29... exd5 30. Nxe5 Bd6 31. Rxd5 Qa1+ 32. Kc2 Bxe5 33. Rxe5 Qf1 $19)
23... fxe6 24. Rhf1 (24. g6 h6 25. c5 a4 26. cxd6 Bxd6 $17) 24... a4 25. Nb2 $2
{Jenni is missing his golden moment for the real resistance, after 25.Qxb4!?
the chances would be about equal.} (25. Qxb4 $5 axb3 26. axb3 Qa6 (26... Qc7
27. c5 dxc5 28. Qc4 Qb6 29. Nxe5 Ra3 30. Kb2 Rfa8 31. Ra1 Qd6 32. Nd3 Rxa1 33.
Rxa1 Qh2+ 34. Kb1 Qh1+ 35. Nc1 Rxa1+ 36. Kxa1 Kf8 $11) 27. Kc2 $1 Qa2+ 28. Nb2
Qa7 29. Qc3 $11) 25... axb3 26. axb3 Rf4 27. h5 (27. Qxb4 Rxh4 28. g6 h6 $17)
27... Qf8 28. Qg2 (28. Qxb4 Rb8 29. Qc3 Bxg5 $17) 28... Ra3 29. Rd3 (29. Kc2
Kh8 $17) 29... d5 $1 {[%mdl 32] Excellent blow on a square, that is typically
weak spot for black. All Babula's pieces are springing to life.} 30. Qh3 (30.
cxd5 exd5 31. Rxd5 (31. exd5 e4 32. Re3 Qa8 33. Rxe4 Ra1+ 34. Kc2 Qc8+ 35. Rc4
Qf5+ 36. Kd2 Ra2 37. Kc1 Bxg5 $19) 31... Rxb3 32. Rxe5 Rbxf3 33. Rxf3 Rxf3 34.
Rxe7 Rf1+ 35. Ka2 Rc1 36. Ra7 b3+ 37. Kxb3 Qb8+ $19) 30... dxe4 31. Qxe6+ Qf7 (
31... Kh8 32. Rd7 Bxg5 33. Rc7 Ra8 $19) 32. Qc8+ (32. Qxf7+ Kxf7 33. Re3 Bxg5
34. Kc2 Rh4 35. fxe4+ Ke6 $19) 32... Bf8 33. Rd8 (33. Rd5 Rxb3 34. Rxe5 Rfxf3
$19) 33... Rxf3 34. Rfd1 (34. Rxf3 exf3 35. Rd1 Rxb3 $19) 34... Raxb3 35. Rxf8+
(35. Kc2 Qa7 36. Rxf8+ Rxf8 37. Qe6+ (37. Qxf8+ Kxf8 38. Kxb3 Qa3+ 39. Kc2 Qc3+
40. Kb1 b3 $19) 37... Kh8 38. Kxb3 Qa3+ 39. Kc2 Rf2+ 40. Rd2 b3+ 41. Kc3 Rf3+
42. Rd3 Rxd3+ 43. Nxd3 b2+ 44. Kc2 exd3+ 45. Kd2 Qa5+ 46. Ke3 Qa7+ 47. c5 Qxc5+
$19) 35... Qxf8 36. Rd8 {It would be great if it could work, but black was
calculating properly...} (36. Qe6+ Kh8 37. h6 Rfd3 38. hxg7+ Kxg7 39. Qxe5+ Kg8
40. Rxd3 exd3 41. Qd5+ Qf7 $19) 36... Rf1+ 37. Kc2 (37. Ka2 Ra3#) 37... Rc3+
38. Kd2 e3+ 39. Ke2 Rc2+ 40. Kxe3 (40. Kd3 Rd2+ 41. Kxe3 Rxd8 $19) 40... Rf3+
41. Ke4 Re2+ (41... Re2+ 42. Kd5 Rd2+ $19) 0-1

[Event "Interzonal-14b"]
[Site "Szirak"]
[Date "1987.??.??"]
[Round "7"]
[White "Nunn, John DM"]
[Black "Marin, Mihail"]
[Result "1-0"]
[WhiteElo "2585"]
[BlackElo "2475"]
[Annotator "Ftacnik,L"]
[PlyCount "53"]
[EventDate "1987.07.??"]
[EventType "tourn"]
[EventRounds "17"]
[EventCountry "HUN"]
[EventCategory "12"]
[SourceTitle "CBM 003"]
[Source "ChessBase"]
[SourceDate "1988.04.01"]
[SourceVersion "1"]
[SourceVersionDate "1988.04.01"]
[SourceQuality "1"]

1. e4 c5 2. Nf3 d6 3. d4 cxd4 4. Nxd4 Nf6 5. Nc3 a6 6. Be3 e6 7. Qd2 b5 8. f3
Nbd7 9. g4 h6 10. O-O-O Bb7 11. Bd3 Ne5 12. Rhe1 Nfd7 $5 13. f4 $1 (13. Qe2 Nc5
$15) 13... b4 (13... Nxg4 14. e5 (14. Bg1 Be7 15. h3 Ngf6 16. e5 dxe5 17. fxe5
Nd5 18. Nxe6 $1 $18 {Ostoic,P}) 14... Nc5 $1 (14... Nxe3 15. Nxe6 $1 Qb6 16.
Rxe3 fxe6 17. Bg6+ Kd8 18. exd6 Nc5 (18... Bxd6 19. Rxe6 Bxf4 20. Rxb6 Bxd2+
21. Rxd2 $18) 19. f5 $16) (14... b4 15. Nxe6 bxc3 16. Qxc3 Qc8 17. Qb3 $1 Nxe3
(17... fxe6 18. Qxe6+ Kd8 19. Qxg4 $18) 18. Rxe3 fxe6 19. Qxe6+ Kd8 20. exd6
Nf6 21. Qe5 $1 a5 (21... Qc6 22. Qa5+ Kc8 23. d7+ $1 $18) 22. Bb5 Bc6 23. Rc3
Nd7 24. Qe2 $18) (14... dxe5 15. Nxe6 fxe6 16. Bg6+ Ke7 17. fxe5 Ngxe5 18. Bg5+
Nf6 19. Qe3 Qc7 20. Bf4 Nfg4 21. Qg3 $16) 15. Nxe6 $5 (15. Ndxb5 Nxd3+ 16. Qxd3
axb5 17. exd6 $13) 15... Nxe6 16. f5 Nxe3 17. Rxe3 Be7 18. fxe6 Bg5 19. exd6
Qb6 20. Rde1 $13) 14. Nd5 $1 $8 (14. fxe5 bxc3 15. Qxc3 Nxe5 $15) (14. Na4 Nxg4
15. Qxb4 Nxe3 16. Rxe3 Rb8 $15) 14... Nxd3+ (14... exd5 15. fxe5 dxe4 16. exd6
Bxd6 17. Nf5 $16) (14... Nxg4 15. Qxb4 Rb8 16. Qa4 $16) 15. Qxd3 exd5 16. exd5
Be7 (16... Nc5 17. Qc4 Kd7 (17... Be7 $2 18. Nf5 $18) 18. Qxb4 (18. Nc6 $2 Qb6
$13) 18... Qc7 (18... Be7 $2 19. Nc6 $18) 19. Nc6 $16 {/\} Bxc6 $2 20. dxc6+
Kxc6 21. Bxc5 dxc5 22. Qe4+ $18) 17. Nc6 $1 (17. Nf5 O-O 18. h4 $13) 17... Bxc6
18. dxc6 Nf6 $2 (18... Nf8 19. f5 $1 Rb8 20. Bd4 f6 (20... Rg8 21. Bxg7 Rxg7
22. f6 $18) 21. Qxa6 $16) (18... O-O 19. cxd7 Qxd7 $16) 19. Bb6 $1 Qxb6 (19...
Qb8 20. Qd4) 20. Rxe7+ Kf8 21. Qxd6 Kg8 22. g5 hxg5 23. fxg5 Rc8 (23... Qf2 24.
c7 Rxh2 25. Qd8+ Kh7 26. Qd3+ Kg8 27. gxf6 $18) (23... Ng4 24. Qd5 Rf8 25. g6
Nh6 26. Rf1 $18) 24. c7 $1 $18 (24. gxf6 Qxc6 25. Qxc6 Rxc6 $16) 24... Qxd6 25.
Rxd6 Ng4 (25... Kf8 26. gxf6 gxf6 27. Rdd7 Rh7 28. Re3 Kg7 29. Rg3+ Kh6 30. Rd4
Kh5 31. Rd8 Rxc7 32. Rh3+ Kg6 33. Rg8+) 26. Rd8+ (26. Re8+ $2 Rxe8 27. Rd8 Kh7
$13) 26... Kh7 27. Red7 $1 1-0

[Event "Groningen Harmonie"]
[Site "Groningen"]
[Date "2003.12.22"]
[Round "2"]
[White "Nijboer, Friso"]
[Black "Kurnosov, Igor"]
[Result "1-0"]
[WhiteElo "2577"]
[BlackElo "2527"]
[Annotator "Ftacnik,L"]
[PlyCount "73"]
[EventDate "2003.12.21"]
[EventType "tourn"]
[EventRounds "9"]
[EventCountry "NED"]
[EventCategory "10"]
[SourceTitle "CBM 099"]
[Source "ChessBase"]
[SourceDate "2004.03.30"]
[SourceVersion "1"]
[SourceVersionDate "2004.03.30"]
[SourceQuality "1"]

1. e4 c5 2. Nf3 d6 3. d4 cxd4 4. Nxd4 Nf6 5. Nc3 a6 6. Be3 e6 7. f3 b5 8. g4 h6
9. Qd2 Nbd7 10. O-O-O Bb7 11. Bd3 Ne5 12. Rhe1 b4 13. Na4 d5 14. exd5 Nxd5 15.
f4 Qa5 16. b3 Nxd3+ 17. Qxd3 O-O-O 18. f5 $146 {[%mdl 8] The variation has a
rich and turbulent history. Black is not without chances due to the bishops
pair and passive white knight on a4.} (18. Nxe6 fxe6 19. Bb6 Qb5 20. Bxd8 Qxd3
21. Rxd3 Kxd8 22. Rxe6 Kc7 23. Re4 (23. Rd4 Bd6 24. f5 {1/2-1/2 Feher,
G-Wegener,O/Budapest 2000/ (32)}) 23... Bd6 24. Rc4+ Kb8 25. Kb2 Re8 {
Gaponenko,I-Savchenko,S/UKR-chT/2000/ 0,5}) 18... Be7 (18... e5 $1 19. Nf3 Be7
(19... Bd6 20. Qc4+ Kb8 21. Bc5 Bxc5 22. Qxc5 Qxc5 23. Nxc5 f6 24. Ne6 Rc8 $15)
20. Ba7 Qc7 21. Rxe5 Bd6 22. f6 g6 23. Rxd5 Bf4+ 24. Nd2 Rxd5 25. Nb6+ Qxb6 26.
Bxb6 Rxd3 27. cxd3 h5 $15) 19. Bf2 Bg5+ $2 {This unfortunate check just sends
white knight to a better square and exposes important defensive black piece.} (
19... Nc7 20. Bg3 Rhe8 21. Qc4 e5 22. Nc6 Bxc6 23. Qxc6 f6 $13) 20. Kb1 Kb8 (
20... Nc7 21. fxe6 fxe6 22. Bg3 Rhe8 23. Re5 $14) 21. fxe6 fxe6 22. h4 Bf6 (
22... Bf4 23. Rxe6 Qc7 24. Rxa6 Bxa6 25. Qxa6 Rd6 26. Qb5+ Qb7 $13) 23. Qg3+
Nc7 (23... Ka8 24. Nxe6 Rc8 25. Rxd5 Bxd5 26. Qe3 Kb7 27. Qa7+ Kc6 28. Nb6 $18)
(23... Kc8 24. Nxe6 Nc3+ 25. Nxc3 Bxc3 26. Qf4 $16) 24. Nxe6 $1 Rxd1+ 25. Rxd1
Qe5 26. Qxe5 Bxe5 27. Nec5 ({Nijboer already had a chance to get enormous
advantage with the help of an attack on the unfortunate black bishop} 27. Re1
$5 Bd6 (27... Bf6 28. Bg3 $18) (27... Nxe6 28. Rxe5 Re8 29. Be1 Bc6 30. Nb2 g5
31. hxg5 hxg5 32. Bxb4 Bf3 33. Bd2 Bxg4 34. Bxg5 $18) 28. Nxg7 Rg8 29. Nf5 Bf4
30. Rg1 Bf3 31. Be3 $18) 27... Bc8 (27... Bc6 28. Be1 a5 29. c3 bxc3 30. Bxc3
Bxc3 31. Nxc3 Bf3 32. Rd4 $16) 28. Nb6 Bxg4 $6 (28... Bc3 29. Bg3 Bxg4 30. Rf1
Rd8 31. Nxa6+ Kb7 32. Bxc7 Re8 33. Nxb4 Bxb4 34. Nd5 $16) 29. Rg1 Rd8 (29...
Bc8 $2 30. Nbd7+ $18) 30. Nd3 $1 {The game is over as two bishops can be
defended only at a cost of an exchange.} (30. Rxg4 $4 Rd1#) 30... Bf5 (30...
Rxd3 31. cxd3 Be6 32. Bg3 $18) 31. Nxe5 Rd2 32. Nc6+ Kb7 33. Na5+ Ka7 (33...
Kb8 34. Bg3 Rxc2 35. Ka1 $18) 34. Be3 Rxc2 35. Ka1 Re2 36. Nd5+ Kb8 37. Bf4 1-0

[Event "EU-ch 13th"]
[Site "Plovdiv"]
[Date "2012.03.31"]
[Round "11"]
[White "Najer, Evgeniy"]
[Black "Vachier Lagrave, Maxime"]
[Result "1-0"]
[WhiteElo "2640"]
[BlackElo "2682"]
[Annotator "Ftacnik,L"]
[PlyCount "67"]
[EventDate "2012.03.20"]
[EventType "swiss"]
[EventRounds "11"]
[EventCountry "BUL"]
[SourceTitle "CBM 148"]
[Source "ChessBase"]
[SourceDate "2012.05.16"]
[SourceVersion "1"]
[SourceVersionDate "2012.05.16"]
[SourceQuality "1"]

1. e4 c5 2. Nf3 d6 3. d4 cxd4 4. Nxd4 Nf6 5. Nc3 a6 6. Be3 e6 7. f3 b5 8. Qd2
Nbd7 9. g4 Nb6 10. a4 {Undermining the black position at a moment when the
b5-pawn has no really good options. The second player is forced to close his
eyes and move forward with the knight.} Nc4 11. Bxc4 bxc4 12. O-O {Some of the
opening choices can be best explained on a psychological level. The main
theoretical discussion in this line is centered around the move 12.a5. The
second viable concept is launching an immediate attack in the centre, but the
quiet approach with short castling is rather untested. Najer is luring the
opponent into territory that is for him rather new.} (12. a5 Bb7 13. Na4 Rc8 (
13... Nd7 14. O-O-O Qc7 15. Ne2 Be7 16. Nb6 Nxb6 17. Bxb6 Qc6 18. Nc3 O-O 19.
Rhe1 Rfe8 20. f4 $11 {1-0 (55) Anand,V (2781)-Kulaots,K (2597) Tallinn 2004}) (
13... d5 14. e5 Nd7 15. f4 Qh4+ 16. Bf2 Qxg4 17. Rg1 {1/2 (17) Vescovi,G (2645)
-Gelfand,B (2696) Bermuda 2005}) 14. Qc3 Nd7 (14... Bxe4 15. fxe4 Nxe4 16. Qb4
Qh4+ 17. Kd1 Qxg4+ 18. Kc1 e5 19. Nb6 exd4 $11 {1-0 (63) Kasimdzhanov,R (2670)
-Anand,V (2785) Leon 2005}) 15. O-O-O Be7 16. h4 Bxh4 17. Ne2 Bf6 18. Bd4 e5
19. Be3 Be7 20. Kb1 Qc7 21. Nb6 $14 {1/2 (26) Leko,P (2749)-Kasparov,G (2804)
Linares 2005}) (12. g5 Nd7 13. f4 Nc5 (13... Qa5 14. O-O Bb7 15. Qf2 Nc5 16.
Qf3 g6 17. Qh3 Bg7 18. f5 gxf5 19. exf5 Bxd4 20. Bxd4 e5 $11 {0-1 (97)
OpenFormula (2589)-Fredis_cpu playchess.com INT 2007}) (13... Qc7 14. O-O Bb7
15. f5 Nc5 16. fxe6 fxe6 17. Qe2 Qd7 18. Qxc4 {1/2 (18) Van der Wiel,J (2570)
-Ribli,Z (2585) Reggio Emilia 1986}) 14. f5 Qd7 15. fxe6 fxe6 16. O-O Rb8 17.
Qg2 g6 18. Rad1 Rxb2 19. e5 Bb7 20. Qg3 Bg7 21. exd6 Ba8 $11 {1/2 (106) Ultima
(2640)-Octapus (2673) playchess.com INT 2006}) 12... Bb7 13. Rad1 (13. b4 cxb3
14. Rab1 Be7 15. Rxb3 Qc7 16. Rfb1 Bc8 17. Rb6 Nd7 18. Rc6 Qd8 19. f4 Rb8 20.
Qc1 O-O 21. Rc4 Bb7 22. Nc6 Bxc6 23. Rxc6 Rc8 $15 {0-1 (44) Almagro Llanas,P 
(2290)-Anand,V (2794) Mirabal 2001}) (13. g5 Nd7 14. f4 Nc5 15. Qg2 g6 16. Rad1
Qc7 17. Qg4 h6 18. f5 gxf5 19. exf5 e5 20. Ne6 fxe6 {0-1 (29) Anand,V (2769)
-Kasparov,G (2851) Kopavogur 2000} 21. fxe6 hxg5 22. Rxf8+ Rxf8 23. Qh5+ Ke7
24. Bxg5+ Kxe6 25. Qh3+ Rf5 26. Qh6+ Kd7 27. Qh7+ Kc6 28. Qxf5 Qd7 $15) 13...
Qc7 14. Nde2 h6 {The first sign, that Vachier Lagrave is somewhat unsure about
his chances. Black is hinting at difficulties in making the advance g4-g5 work
in front of the white king, but the first player has other ideas.} (14... Be7
15. g5 Nd7 16. f4 O-O $11) 15. Bd4 Be7 16. Ng3 e5 $6 {The advance of the
central pawn is a serious concession that was far from necessary. Black will
find it difficult to fully justify his strategically dangerous decision.} (
16... O-O 17. a5 Rac8 (17... Qxa5 18. Nd5 Qd8 19. Bb6 Qd7 20. Nxe7+ Qxe7 21.
Qxd6 $16) 18. Rf2 $11) 17. Be3 g6 (17... Bc8 18. Nf5 Bxf5 19. gxf5 Rb8 20. Rb1
$14) (17... O-O 18. Nf5 Rfd8 19. g5 hxg5 20. Bxg5 $14) 18. Bxh6 O-O-O 19. Bg7 {
With hindsight it is even possible to suggest a slower, purely positional
method of solving the situation with h-file counterplay after 19.Bg5!?} (19.
Bg5 $5 Rh7 20. Kg2 Rdh8 21. h4 Ne8 22. Bxe7 Qxe7 23. Rh1 Rxh4 24. Nd5 Bxd5 25.
Rxh4 Rxh4 26. Qxd5 $16) 19... Rh7 20. Bxf6 Bxf6 21. Nd5 (21. Kg2 Kd7 22. Nd5
Bxd5 23. Qxd5 Ke7 $14) 21... Bxd5 22. Qxd5 Rdh8 (22... Bg5 23. Kg2 Kb8 $14) 23.
Rf2 {Najer is a great fighting player and he is not ready to part with his
chances to play for win.} (23. Qxd6 $2 Qa7+ 24. Rf2 Rxh2 25. Rdd2 Bg5 26. Qc6+
Kb8 27. Qd6+ $11) 23... Bh4 $1 24. Kf1 (24. Kg2 $2 Bxg3 25. hxg3 Rh2+ 26. Kf1
Rxf2+ 27. Kxf2 Rh2+ 28. Kg1 Rxc2 $11) 24... Bxg3 25. hxg3 Rh1+ 26. Ke2 Rxd1 $2
{[%mdl 256] Once again Vachier Lagrave becomes nervous and frustrated with his
counterplay. In spite of the sensible 26..R1h2! with minimal disadvantage he
begins to play recklessly as if nothing could happen to his king.} (26... R1h2
$1 27. Rdf1 (27. Qxd6 Rxf2+ 28. Kxf2 Rh2+ 29. Kf1 Qxd6 30. Rxd6 Rxc2 31. Rb6
Kc7 32. a5 $14) 27... Kd8 28. Rxh2 Rxh2+ 29. Rf2 $14) 27. Kxd1 Rh1+ (27... Qb6
28. Ke2 Qxb2 29. Qa8+ Qb8 30. Qxa6+ Kd8 31. Qxc4 Rh1 $14) 28. Ke2 Kd8 (28... c3
29. b3 Kd8 30. f4 $16) (28... Rc1 29. Kd2 Rh1 30. Kc3 $16) 29. f4 $1 exf4 $2 {
Opening of the centre looks like an invitation to the opposing major pieces.
Admittedly the situation was already pretty grim for the defender.} (29... Qd7
30. Qa8+ Kc7 (30... Ke7 31. f5 $16) 31. Kf3 exf4 32. Qxa6 fxg3 33. Kxg3 $16)
30. e5 $1 fxg3 (30... f3+ 31. Rxf3 Qe7 32. Qxd6+ Qxd6 33. exd6 Rh2+ 34. Kd1 $16
) 31. Rxf7 Rh2+ 32. Ke1 (32. Kd1 Qxf7 33. Qxf7 g2 34. Qf8+ Kd7 35. Qxd6+ Ke8
36. Qb8+ Ke7 37. Qa7+ Ke6 38. Qb6+ Ke7 $16) 32... g2 {The counterplay is real,
so White had better find a way to mate the black king. Fortunately the
coordination of his pieces is close to perfection.} (32... Qxf7 33. Qxf7 Rh1+ (
33... g2 34. Qf8+ Kd7 35. Qxd6+ Ke8 36. Kf2 $18) 34. Ke2 g2 35. Qf8+ Kc7 36.
Qxd6+ Kc8 37. Qc6+ $18) 33. Rf8+ Kd7 (33... Ke7 34. Qf7#) 34. e6+ (34. e6+ Ke7
35. Rf7+ Kd8 36. Qa8+ Qc8 37. Rd7+ Ke8 38. Qxc8#) 1-0

[Event "FIDE-Wch"]
[Site "San Luis"]
[Date "2005.10.06"]
[Round "8"]
[White "Adams, Michael"]
[Black "Svidler, Peter"]
[Result "1/2-1/2"]
[WhiteElo "2719"]
[BlackElo "2738"]
[Annotator "Ftacnik,L"]
[PlyCount "80"]
[EventDate "2005.09.28"]
[EventType "tourn"]
[EventRounds "14"]
[EventCountry "ARG"]
[EventCategory "20"]
[SourceTitle "CBM 110"]
[Source "ChessBase"]
[SourceDate "2006.01.31"]
[SourceVersion "1"]
[SourceVersionDate "2006.01.31"]
[SourceQuality "1"]

1. e4 c5 2. Nf3 e6 3. d4 cxd4 4. Nxd4 Nc6 5. Nc3 d6 6. Be3 Nf6 7. Qd2 Be7 8. f3
O-O 9. O-O-O a6 10. g4 Nxd4 11. Qxd4 Nd7 12. h4 b5 13. g5 Qa5 14. Kb1 b4 15.
Ne2 Bb7 16. h5 Ne5 {Svidler refuses to open up the g file against his king
even at the cost of win of a pawn.} (16... Bxg5 17. Bxg5 Qxg5 18. h6 e5 (18...
Rfd8 19. hxg7 Qf6 20. Qe3 Ne5 {1/2-1/2 De la Villa Garcia,J-Bauer,C/ Lausanne
2001/ (47)}) 19. Qxb4 Nc5 20. Rxd6 Qe3 21. Qc3 Qxc3 22. Nxc3 {1-0 Vasiesiu,
D-Navrotescu,C /Sovata 2001/ (64)}) 17. f4 (17. h6 Rfc8 18. Ng1 (18. hxg7 $2
Nxf3) 18... Bf8 19. hxg7 Bxg7 20. Qd2 d5 $1 (20... Nxf3 $2 21. Nxf3 Bxe4 22.
Bd3 $1 Bxf3 23. Bxh7+ Kf8 24. Qxd6+ Ke8 25. Qd7+ Kf8 26. g6 $1 $18) 21. Qh2
dxe4 22. Qxh7+ Kf8 23. fxe4 Rxc2 $1 24. Kxc2 Qa4+ 25. Kc1 Rc8+ 26. Bc5+ (26.
Kd2 Rd8+) 26... Rxc5+ 27. Kd2 Rc2+ 28. Ke1 b3 $19) 17... Ng4 18. Bh3 (18. h6 e5
19. Qd3 Nxe3 20. Qxe3 g6 $11) 18... Nxe3 19. Qxe3 Qc5 (19... e5 20. g6 $1 $16)
20. Qd3 (20. Qxc5 dxc5 21. Rd7 $2 Bxe4 $17) 20... Qb5 21. Qe3 Qc5 22. Qf3 h6 $5
{[%mdl 32] Black comes up with very original defense. Due to the absence of
white's dark squared bishop he plans to build up defense on squares of that
colour.} (22... Rfc8 23. Nd4 $13) 23. gxh6 (23. g6 $2 f5 $1) 23... gxh6 24. f5
(24. Nd4 Bf6 25. Nb3 Qc7 26. f5 e5 $11) 24... Qe5 $1 25. Rhg1+ (25. Rd4 $13)
25... Kh7 26. fxe6 Bxe4 27. Qb3 a5 {In a very complex position it was not easy
to decide between various ideas.} (27... Rac8 28. Nd4 d5 $1 29. Rge1 (29. exf7
$6 Rc4 $1 30. Qg3 Qxg3 31. Rxg3 Rxf7 $17) 29... f5 $13) 28. Bg2 {The
annotators have discovered phantastic lines. One of them is so fascinating,
that it deserves to be quoted.} (28. Ng3 $1 a4 $1 29. Qxb4 d5 $1 30. Qxe7 Rab8
31. Qa3 Rxb2+ $1 32. Qxb2 Rb8 33. Qxb8 Qxb8+ 34. Kc1 Qf4+ 35. Rd2 Qf6 $1 36.
Kd1 $1 Qa1+ 37. Ke2 Qxg1 38. e7 Qxg3 39. e8=Q Qf3+ 40. Ke1 Qe3+ 41. Re2 (41.
Kf1 Bd3+ $1 42. Rxd3 Qxe8) 41... Qc3+ 42. Kd1 Qa1+ 43. Kd2 Qd4+ $11 {Shipov})
28... Bxg2 29. Rxg2 fxe6 30. Qd3+ Qf5 31. Nd4 {Adams is looking for drawing
chances in the endgame.} (31. Qd4 Bg5 $15) 31... Qxd3 32. cxd3 Rg8 {Svidler
gives up his spare pawn in order to get real chances to win.} (32... e5 33. Ne6
Rg8 (33... Rf7 34. Rdg1 Bf6 35. Rg6 Bh8 (35... Re8 36. Nc7 $1) 36. Rc1) 34. Rf2
Rae8 35. Rf7+ Kh8 36. Rdf1 (36. Nc7 Rgf8 $1 37. Rdf1 Rxf7 38. Rxf7 Kg8 $1 $17)
36... Bg5 37. Nxg5 (37. Nf8 $6 Rg7 38. Ng6+ Kh7 39. Rf8 Rxf8 40. Rxf8 Rc7 $1)
37... Rxg5 38. Rd7 Rxh5 39. Rff7 Rg5 40. Rh7+ Kg8 41. Rxh6 Rc8 42. a4 b3 43.
Rh1 Rg2 44. Rb7 $15) 33. Rxg8 Rxg8 34. Nxe6 Rg2 35. Rf1 Kg8 36. a4 $6 (36. b3
Rh2 37. Rf5 $11) 36... b3 $6 {The time trouble is taking it's toll, both last
moves are imprecise.} (36... Rh2 37. Rf5 b3) 37. Nd4 $1 Bf6 38. Nxb3 Rxb2+ 39.
Kc1 Rxb3 (39... Bc3 40. Nxa5 Ra2 41. Rf5) 40. Rxf6 Rxd3 1/2-1/2